Statistics for Five Closest Countries by Country by Continent

Click here to take the quiz!

General Stats

  • This quiz has been taken 2,218 times
    (2,179 since last reset)
  • The average score is 27 of 30

Answer Stats

ContinentCOUNTRYkmCountrymiles% Correct
EuropeICELAND783United Kingdom487
98%
AfricaEGYPT0Libya0
97%
South AmericaCHILE0Argentina0
96%
EuropeICELAND1079Ireland671
96%
EuropeICELAND973Norway604
96%
AfricaEGYPT0Sudan0
96%
EuropeICELAND1472Denmark915
95%
AsiaMALDIVES607India377
95%
EuropeICELAND1239Sweden770
95%
South AmericaCHILE928Brazil577
94%
South AmericaCHILE0Peru0
94%
South AmericaCHILE0Bolivia0
93%
North AmericaPANAMA0Costa Rica0
92%
South AmericaCHILE457Paraguay284
92%
AsiaMALDIVES760Sri Lanka472
92%
North AmericaPANAMA159Nicaragua99
90%
North AmericaPANAMA568Honduras393
89%
AsiaMALDIVES2248Pakistan1397
86%
North AmericaPANAMA659El Salvador410
85%
North AmericaPANAMA880Guatemala540
85%
OceaniaPALAU1564Australia972
84%
AfricaEGYPT293Chad182
83%
OceaniaPALAU423FS of Micronesia263
83%
OceaniaPALAU1263Papua New Guinea785
83%
OceaniaPALAU2882Solomon Islands1791
83%
OceaniaPALAU3406Marshall Islands2117
82%
AfricaEGYPT478Eritrea297
81%
AfricaEGYPT799Ethiopia496
79%
AsiaMALDIVES2371Oman1473
73%
AsiaMALDIVES2286Yemen1420
68%

Score Distribution

Percentile by Number Answered

Percent of People with Each Score

Your Score History

You have not taken this quiz since the last reset